Microsoft Access 2 γρήγορα και απλά
Αποθηκεύτηκε σε:
| Κύριος συγγραφέας: | |
|---|---|
| Μορφή: | Βιβλίο |
| Γλώσσα: | Greek English |
| Δημοσίευση: |
[Αθήνα] :
Κλειδάριθμος,
[c1994].
|
| Θέματα: | |
| Ετικέτες: |
Προσθήκη ετικέτας
Δεν υπάρχουν, Καταχωρήστε ετικέτα πρώτοι!
|
MARC
| LEADER | 00000cam a2200000 i 4500 | ||
|---|---|---|---|
| 001 | 1/82823 | ||
| 008 | 960903s1994 gr | ||| |||| ||gre|| | ||
| 020 | |a 9602092300 | ||
| 035 | |a 1995 |b 3 |c Τσολακίδης |l 10034043 | ||
| 035 | |a 1997 |b 3 |c Τσολακίδης | ||
| 040 | |a GR-MyUa |b gre |e AACR2 | ||
| 041 | 1 | |a gre |h eng | |
| 082 | 7 | |a 005.7565 |2 (22) | |
| 100 | 1 | |a Cowart, Robert. | |
| 245 | 1 | 0 | |a Microsoft Access 2 γρήγορα και απλά / |c Robert Cowart. |
| 260 | |a [Αθήνα] : |b Κλειδάριθμος, |c [c1994]. | ||
| 300 | |a 231 σ. : |b έγχρ. εικ. ; |c 24 εκ. | ||
| 500 | |a Μετάφραση του: Microsoft access 2 quick & easy. | ||
| 630 | 0 | 0 | |a Microsoft Access. |
| 650 | 0 | |a Database management. | |
| 852 | |a INST |b RHODES |e 19980526 |h 005.7565 COW |p 005400006500 |q 005400006500 |t BK |y 0 | ||
| 852 | |a INST |b RHODES |e 19960903 |h 005.7565 COW |p 005400011603 |q 005400011603 |t BK |y 0 | ||